| 000 | 00428nam a2200145Ia 4500 | ||
|---|---|---|---|
| 008 | 231129s2001||||xx |||||||||||||| ||spa|| | ||
| 020 | _a958-96924-2-7 | ||
| 040 | _bspa | ||
| 082 | _aCo863.44 G216ó | ||
| 100 | _aGarcía Ramírez Omar | ||
| 245 | 0 | _aOpera Prima (Altamira 2001) | |
| 260 | _c2001 | ||
| 264 | _aInstituto de Cultura de Pereira ; Graficas Olimpica | ||
| 942 |
_2ddc _cBKS |
||
| 999 |
_c22110 _d22110 |
||